<?xml version="1.0" encoding="UTF-8"?>
<record
    xmlns:xsi="http://www.w3.org/2001/XMLSchema-instance"
    xsi:schemaLocation="http://www.loc.gov/MARC21/slim http://www.loc.gov/standards/marcxml/schema/MARC21slim.xsd"
    xmlns="http://www.loc.gov/MARC21/slim">

  <leader>00617nam a22001337a 4500</leader>
  <datafield tag="040" ind1=" " ind2=" ">
    <subfield code="c">RUA</subfield>
  </datafield>
  <datafield tag="082" ind1=" " ind2=" ">
    <subfield code="a">AGR TOU 2002 B028 Or.1</subfield>
  </datafield>
  <datafield tag="100" ind1=" " ind2=" ">
    <subfield code="a">TOYCH, VEASNA.</subfield>
  </datafield>
  <datafield tag="245" ind1=" " ind2=" ">
    <subfield code="a">Response of maize ( zea mays) to liming and phosphorus application on acid soil &#x200B;&#x1780;&#x17B6;&#x179A;&#x1786;&#x17D2;&#x179B;&#x17BE;&#x1799;&#x178F;&#x1794;&#x1793;&#x17C3;&#x178A;&#x17C6;&#x178E;&#x17B6;&#x17C6;&#x1796;&#x17C4;&#x178F;&#x1791;&#x17C5;&#x1793;&#x17B9;&#x1784;&#x1780;&#x17B6;&#x179A;&#x178A;&#x17B6;&#x1780;&#x17CB;&#x1787;&#x17B8;&#x1795;&#x17BC;&#x179F;&#x17D2;&#x179C;&#x17D0;&#x179A; &#x1793;&#x17B7;&#x1784;&#x1780;&#x17C6;&#x1794;&#x17C4;&#x179A;&#x1793;&#x17C5;&#x179B;&#x17BE;&#x178A;&#x17B8;&#x17A2;&#x17B6;&#x179F;&#x17CA;&#x17B8;&#x178F;</subfield>
  </datafield>
  <datafield tag="260" ind1=" " ind2=" ">
    <subfield code="a">Phnom Penh </subfield>
    <subfield code="b">RUA</subfield>
    <subfield code="c">2002</subfield>
  </datafield>
  <datafield tag="300" ind1=" " ind2=" ">
    <subfield code="a">55p.</subfield>
    <subfield code="b">ill.</subfield>
    <subfield code="c">29cm.</subfield>
  </datafield>
  <datafield tag="856" ind1=" " ind2=" ">
    <subfield code="u">https://drive.google.com/file/d/1-YGILBISsBeXXkpIjUvpppOnnypRA_Gw/view?usp=sharing</subfield>
  </datafield>
  <datafield tag="942" ind1=" " ind2=" ">
    <subfield code="c">AGR</subfield>
  </datafield>
  <datafield tag="999" ind1=" " ind2=" ">
    <subfield code="c">521</subfield>
    <subfield code="d">521</subfield>
  </datafield>
  <datafield tag="952" ind1=" " ind2=" ">
    <subfield code="0">0</subfield>
    <subfield code="1">0</subfield>
    <subfield code="2">ddc</subfield>
    <subfield code="4">0</subfield>
    <subfield code="6">AGR_TOU_2002_000000000000000_B028_OR_1</subfield>
    <subfield code="7">0</subfield>
    <subfield code="9">2470</subfield>
    <subfield code="a">LBB</subfield>
    <subfield code="b">LBB</subfield>
    <subfield code="c">B028</subfield>
    <subfield code="d">2015-09-15</subfield>
    <subfield code="o">AGR TOU 2002 B028 Or.1</subfield>
    <subfield code="p">RUA002389</subfield>
    <subfield code="r">2015-09-15</subfield>
    <subfield code="w">2015-09-15</subfield>
    <subfield code="y">AGR</subfield>
  </datafield>
  <datafield tag="952" ind1=" " ind2=" ">
    <subfield code="0">0</subfield>
    <subfield code="1">0</subfield>
    <subfield code="2">ddc</subfield>
    <subfield code="4">0</subfield>
    <subfield code="6">AGR_TOU_2002_000000000000000_B028_OR_2</subfield>
    <subfield code="7">0</subfield>
    <subfield code="9">2471</subfield>
    <subfield code="a">LBB</subfield>
    <subfield code="b">ML</subfield>
    <subfield code="c">B028</subfield>
    <subfield code="d">2015-09-15</subfield>
    <subfield code="l">9</subfield>
    <subfield code="o">AGR TOU 2002 B028 Or.2</subfield>
    <subfield code="p">RUA002245</subfield>
    <subfield code="q">2026-07-24</subfield>
    <subfield code="r">2026-06-19</subfield>
    <subfield code="s">2026-06-19</subfield>
    <subfield code="w">2015-09-15</subfield>
    <subfield code="y">AGR</subfield>
  </datafield>
  <datafield tag="952" ind1=" " ind2=" ">
    <subfield code="0">0</subfield>
    <subfield code="1">0</subfield>
    <subfield code="2">ddc</subfield>
    <subfield code="4">0</subfield>
    <subfield code="6">AGR_TOU_2002_000000000000000_B028_OR_3</subfield>
    <subfield code="7">0</subfield>
    <subfield code="9">2472</subfield>
    <subfield code="a">LBB</subfield>
    <subfield code="b">LBB</subfield>
    <subfield code="c">B028</subfield>
    <subfield code="d">2015-09-15</subfield>
    <subfield code="l">5</subfield>
    <subfield code="o">AGR TOU 2002 B028 Or.3</subfield>
    <subfield code="p">RUA002173</subfield>
    <subfield code="r">2026-05-18</subfield>
    <subfield code="s">2026-04-29</subfield>
    <subfield code="w">2015-09-15</subfield>
    <subfield code="y">AGR</subfield>
  </datafield>
  <datafield tag="952" ind1=" " ind2=" ">
    <subfield code="0">0</subfield>
    <subfield code="1">0</subfield>
    <subfield code="2">ddc</subfield>
    <subfield code="4">0</subfield>
    <subfield code="6">AGR_TOU_2002_000000000000000_B028_OR_4</subfield>
    <subfield code="7">0</subfield>
    <subfield code="9">2473</subfield>
    <subfield code="a">LBB</subfield>
    <subfield code="b">LBB</subfield>
    <subfield code="c">B028</subfield>
    <subfield code="d">2015-09-15</subfield>
    <subfield code="l">3</subfield>
    <subfield code="o">AGR TOU 2002 B028 Or.4</subfield>
    <subfield code="p">RUA002236</subfield>
    <subfield code="r">2023-04-03</subfield>
    <subfield code="s">2023-03-29</subfield>
    <subfield code="w">2015-09-15</subfield>
    <subfield code="y">AGR</subfield>
  </datafield>
</record>
